000 01677nam a22003617a 4500
003 CHAP
005 20220817044539.0
008 120905s2012 it rn 00010 eng d
010 _a103860
011 _a104832
020 _a9789250071305
035 _a115522
040 _cCHAP
082 0 4 _a632.2
_bF46t v.987
110 2 _aFAO. Comisión de Pesca para el Atlántico Centro-Occidental
245 1 0 _aReport of the fifth session of the Scientific Advisory Group. Puerto Morelos, Mexico, 28-29 October 2011 = Rapport de la cinquième session du Groupe scientifique consultatif. Puerto Morelos, Mexico, 28 et 29 octobre 2011 = Informe de la quinta sesión del Grupo Asesor Científico. Puerto Morelos, México, 28 y 29 de octubre de 2011.
_c/por FAO. Comisión de Pesca para el Atlántico Centro-Occidental
260 _aRoma :
_bFAO,
_c2012
300 _avii, 60 p.
490 0 _aFAO. Informe de pesca y acuicultura
_v; 987
500 _aEdición Trilingüe (inglés, francés, español)
590 _aBATCH-UPD
_b10
_c20130110
_lUCH01
_h1415
590 _aBATCH-UPD
_b10
_c20130410
_lUCH01
_h0654
590 _aBATCH-UPD
_b10
_c20130914
_lUCH01
_h1350
590 _aCONVERSION
_b10
_c20130109
_lUCH01
_h1357
650 1 4 _aPesca sostenible.
_987440
650 1 4 _aPesca
_xOcéano Atlántico.
_987430
650 1 4 _aRecursos marinos.
711 2 _aFAO. Western Central Atlantic Fishery Commission Scientific Advisory Group Session (
_n5 :
_d2011:
_cPuerto Morelos, Mexico)
_939706
830 1 0 _aFAO. Informe de pesca y acuicultura
_v; 987
_939588
901 _aBK
942 _cLIBRO
949 _a632.2 F46t v.987
_bBC
_cFAO
_d33724002346058
_eFAO1
_gDonaciØn
_h117340
_i115522
_st
999 _c103860
_d103860